000 01165nam a2200205Ia 4500
999 _c50847
_d50847
001 17802
003 GE_BSU
005 20200224150640.0
008 181216s1958 xx |||||||||||||| ||eng||
040 _cGE_BSU
080 _a353.03(73) P-97
245 _aPublic papers of the presidents of the United States Dwight D. Eisenhower
_bContaining the Public Message, Speeches, and Statements of the President. January 1 1932 to march 4, 1933to december 31, 1958
264 _aWashington :
_bUnited States government printing office,
_c1958.
300 _a954 p. :
_bill;
_c26 cm.
653 _aContaining the Public Message, Speeches, and Statements of the President. January 1 1932 to march 4, 1933to december 31, 1958
653 _aPublic papers of the presidents of the United States Jimmy Carter 1980-81.
653 _aშეერთებული შტატების პრეზიდენტების დუაიტ დ ეიზენჰაუერის საჯარო ნაშრომები
653 _aსახელმწიფო ადმინისტრაციული მმართველობა
942 _cBK
_2udc